000 00612cam a2200205 4500
008 090401t1989 xxu||||| |||| 00| 0 eng d
020 _a0114935068
035 _a(Sirsi) u820
041 _aeng
050 _a690.24
110 _aUnited Kingdom
_bScottish Office
_91510
245 _aHousing maintenance kit for housing associations
260 _aLondon
_bHMSO
_c1989
300 _a39p. : ill. ; 30cm.
350 _a5
520 _aPrepared by Buildings Investigation Centre . 11 sample forms inserted in pocket inside back cover.
710 _aScottish Homes
_93194
942 _n0
948 _c04/03/1997
999 _c85595
_d85595